000
00289nam a2200109Ia 4500
008
220204s9999 xx 000 0 und d
082
_a
543.544
_b
KNA.2;1
245
0
_a
Developments in chromatography. V 2
260
_a
London
_b
Applied Science
_c
1980
700
_a
Knapman, C E H
942
_c
BK
999
_c
36569
_d
36569